000 00918nam a2200265Ia 4500
003 OSt
005 20220918171037.0
006 a|||||r|||| 00| 0
007 ta
008 220917b |||||||| |||| 00| 0 eng d
020 _a978113820037 (pbk)
_cUKP 29.99
024 _a325,817
037 _b1072815, 13/03/2018, Atlantic Publisher & Dist.Pvt.Ltd.
_cTextual
040 _aARTS
_cARTS
_beng
041 _2eng
_aeng
082 _aP:(Y33), Q8
100 _aSmakman Dick Ed.
_930644
245 0 _aUrban sociolinguistics
_b city as a linguistics process and experience
260 _aLondon
_bRoutledge UK
_c2018
300 _axvi,241p.
_ccm.
650 _aLINGUISTICS; URBAN SOCIOLOGY
_933509
700 _a Heinrich Patrick Ed.
_930645
942 _hP:(Y33), Q8
_cTEXL
_2CC
999 _c137508
_d137508